000 00488nam a2200181Ia 4500
005 20250423100857.0
008 250422s9999 xx 000 0 und d
020 _a9781403144157
050 _aBP 605.S2 .H83/
100 _aHubbard, Ron L.
245 0 _aScientology 8-80: the discovery and increase of life energy in the genus Homo sapiens
260 _aCalifornia
260 _bBridge Publications
260 _c2007
300 _a199 p
650 _a Scientology.
942 _cBK
999 _c34614
_d34614